| 000 | 00750cam a2200241 4500 | ||
|---|---|---|---|
| 008 | 090401t1996 xxu||||| |||| 00| 0 eng d | ||
| 020 | _a0582234239 | ||
| 035 | _a(Sirsi) u9388 | ||
| 041 | _aeng | ||
| 050 | _a711.4 | ||
| 245 | _aImplementing town planning : the role of town planning in the development process. | ||
| 260 |
_aHarlow _bLongman _c1996 |
||
| 300 | _axiv,330p. : ill.,maps ; 24cm. | ||
| 350 | _a19.99 | ||
| 520 | _aA sequel to the editor`s Introducing Town Planning and intended for students in the property professions. | ||
| 650 | _aTOWN PLANNING | ||
| 650 | _aURBAN AREAS | ||
| 650 | _aURBAN DEVELOPMENT | ||
| 690 | _aPLANNING LAW AND PRACTICE | ||
| 700 |
_aGreed, Clara _xEditor |
||
| 942 | _n0 | ||
| 948 | _c04/03/1997 | ||
| 999 |
_c86631 _d86631 |
||